000 00771nac a22002417a 4500
001 BR7905991
003 BR-BrBNA
005 20240105114507.0
008 230509b bl.|||m| |||| 00| 0 por d
040 _aBR-BrBNA
_bpor
_cBiblioteca Nacional de Agricultura
072 _aF70
090 _aF70 BR7905991
100 1 _aZardini, E.M.
110 1 _aMuseu Botanico Municipal, Curitiba, PR (Brasil)
_97640
245 1 _aUna nueva especie del genero Senecio L. (Compositae)de Brasil [Taxonomia vegetal]
260 3 _aCuritiba, PR (Brasil):
_c1979.
300 _a5 p.
490 _aBoletim do Museu Botanico Municipal (Brazil)
_vno. 37
_x
650 _aTaxonomia vegetal
650 _aFlora
909 _a202312
_bLúcia Elande
_c55
_dLúcia Elande
942 _2AGRIS
_n0
_cMS
999 _c269667
_d269667